| 000 | 01284nam a2200325 i 4500 | ||
|---|---|---|---|
| 001 | 185208 | ||
| 003 | SpMaBN | ||
| 005 | 20250718023932.0 | ||
| 008 | 160408s2003 sp aco |||| |bspa d | ||
| 020 | _a84-413-1951-0 | ||
| 080 | _a929 Kennedy, John F. | ||
| 080 | _a32(73)"1961/63" | ||
| 100 | 1 |
_aKaspi, André ( _d1937-) _9159337 |
|
| 245 | 1 | 0 |
_aKennedy / _cAndré Kaspi ; prólogo de Antonio Garrigues Walker ; [traducción, Juan G. Basté]. |
| 246 | 3 | 4 | _aJohn F. Kennedy |
| 250 | _aEd. especial para este periódico. | ||
| 260 |
_a[Barcelona] : _bFolio, _c[2003] |
||
| 300 |
_a251 p. : _bil., fot. ; _c21 cm. |
||
| 490 | 1 |
_aBiblioteca ABC. Protagonistas del s. XX ; _v4. Las biografías que construyeron el siglo |
|
| 500 | _aCronología. | ||
| 600 | 0 | 4 |
_aKennedy, John F., _d1917-1963 _9239598 |
| 651 | 7 |
_aEstados Unidos- _xPolítica y gobierno- _y1961-1963. _9159338 |
|
| 700 | 1 |
_aGarrigues Walker, Antonio, _d1934- _955772 |
|
| 700 | 1 |
_aBasté, Joan ( _d1920-1997) _926347 |
|
| 710 | 2 |
_aDiario ABC. _91137 |
|
| 830 | 0 | 0 |
_aBiblioteca ABC. Protagonistas del s. XX _v4. Las biografías que construyeron el siglo _9192266 |
| 852 |
_aES-MaACL _jA-13692 _z- enc. cart. _9192228 _bR.150376 _cDEPO1 _dOlim: N-6692 |
||
| 942 | _2udc | ||
| 999 |
_c185208 _d185208 |
||